LDR 01043naa#a2200205#i#450# 001 RU\\bibl\122528 005 20260607222544.7 011 ## _a2413-046X 100 ## _a20260527b2026####ek#y0rusy0150####ca 102 ## _aRU 200 1# _aПроцедура оформления земель под проектирование, строительство, государственный кадастровый учет и установление охранной зоны линейного сооружения _eЖурнальная статья 210 1# _aМосква _cЭлектронная наука _d2026 215 ## _a23 с. 608 ## _aЖурнальная статья _2local 675 ## _aИспользуемые земли. Земельный фонд. 332.334 _z 700 #1 _aЛавренникова _gОльга Алексеевна 700 #1 _aИралиева _gЮлия Сергеевна 700 #1 _aПетров _gМихаил Александрович 700 #1 _aКудряшова _gЮлия Николаевна 856 4# _aiacj.ru _u